Brownfield renewal: three new solutions (Record no. 70766)

MARC details
000 -LEADER
fixed length control field 01476cam a2200277 4500
001 - CONTROL NUMBER
control field ABS65774
008 - FIXED-LENGTH DATA ELEMENTS--GENERAL INFORMATION
fixed length control field 020718n2002 000 0 eng u
035 ## - SYSTEM CONTROL NUMBER
System control number (Sirsi) u118890
100 ## - MAIN ENTRY--PERSONAL NAME
Personal name Magee, C
245 ## - TITLE STATEMENT
Title Brownfield renewal: three new solutions
260 ## - PUBLICATION, DISTRIBUTION, ETC.
Date of publication, distribution, etc. 2002
490 ## - SERIES STATEMENT
Series statement Regeneration and Renewal
Volume/sequential designation 12 July 2002, 16-17(2)
520 ## - SUMMARY, ETC.
Summary, etc. Illustrates how three councils have developed innovative solutions to reclaim contaminated urban land. A common theme with each approach is the emphasis on providing a strategic vision and longer term focus for the development area. Halton Council set up a joint venture company in 1998, Widnes Regeneration, with St Modwen Developments. The joint venture company is currently active on six brownfield projects and has drawn attention to regeneration issues facing Halton. Kirklees Metropolitan BC adopted a development team approach which offers a technical procedural policy and to some extent a political clearing house for new development proposals. Medway Council adopted a comprehensive approach by establishing a development plan for its main brownfield areas and a programme of compulsory purchase.
590 ## - LOCAL NOTE (RLIN)
Local note ABS
650 ## - SUBJECT ADDED ENTRY--TOPICAL TERM
Topical term or geographic name entry element BROWNFIELD LAND
650 ## - SUBJECT ADDED ENTRY--TOPICAL TERM
Topical term or geographic name entry element DEVELOPMENT
650 ## - SUBJECT ADDED ENTRY--TOPICAL TERM
Topical term or geographic name entry element URBAN LAND
650 ## - SUBJECT ADDED ENTRY--TOPICAL TERM
Topical term or geographic name entry element HALTON
650 ## - SUBJECT ADDED ENTRY--TOPICAL TERM
Topical term or geographic name entry element MEDWAY
650 ## - SUBJECT ADDED ENTRY--TOPICAL TERM
Topical term or geographic name entry element KIRKLEES
650 ## - SUBJECT ADDED ENTRY--TOPICAL TERM
Topical term or geographic name entry element LOCAL AUTHORITIES
650 ## - SUBJECT ADDED ENTRY--TOPICAL TERM
Topical term or geographic name entry element CONTAMINATED LAND
650 ## - SUBJECT ADDED ENTRY--TOPICAL TERM
Topical term or geographic name entry element RECLAMATION
690 ## - LOCAL SUBJECT ADDED ENTRY--TOPICAL TERM (OCLC, RLIN)
Topical term or geographic name as entry element REGENERATION
942 ## - ADDED ENTRY ELEMENTS (KOHA)
Suppress in OPAC 0
Holdings
Withdrawn status Lost status Source of classification or shelving scheme Damaged status Not for loan Home library Current library Shelving location Date acquired Total Checkouts Full call number Barcode Date last seen Copy number Price effective from Koha item type
    Dewey Decimal Classification     London London Journal article 18/07/2002   ABS65774 118890-1001 06/08/2019 1 06/08/2019 Journal article